| 000 | 00625nam a2200205 u 4500 | ||
|---|---|---|---|
| 005 | 20240913063951.0 | ||
| 008 | 090921s2008 mx r 000 0 spa d | ||
| 020 | _a9789708103374 | ||
| 035 | _aUPN01000172417 | ||
| 049 | _aCG | ||
| 050 | 4 |
_aP306 _bE2.2 |
|
| 100 | 1 |
_aEco, Umberto, _d1932-2016 _930161 |
|
| 245 | 1 | 0 |
_aDecir casi lo mismo / _cUmberto Eco ; tr. Helena Lozano Miralles. |
| 260 |
_aMéxico : _bLumen, _c2008. |
||
| 300 | _a537 p. | ||
| 440 | 0 |
_aBiblioteca Umberto Eco. _pEnsayo |
|
| 534 |
_pTítulo original: _tDire quasi la stessa cosa |
||
| 650 | 7 |
_aTraducción e interpretación _2 _913974 |
|
| 905 | _aLibro | ||
| 999 |
_c144521 _d144521 |
||